Is the answer 9? - sudden death - Statistics

General Stats
  • This quiz has been taken 695 times
  • The average score is 6 of 24
Answers on the Grid
Answers color-coded by a green-red scale on the quiz's grid according to % correct below.
Apollo number of the moon landing mission
Dwarves in Snow White
A cat's lives (so they say)
Santa's reindeer
Usable spots in noughts & crosses
6 upside-down
Stitches saved by one that's in time
Months of human gestation
XX - IX
Players from fielding team on a baseball field
God's commandments
Days in a novena
Countries with nukes
3 squared
Year of John the Baptist's death
Tournaments Scottie Scheffler won in 2024
Robert Wadlow's height in feet*
Official languages of South Africa
Plan _ from Outer Space
November's number
Highest win margin in a Premier League match
A prime number
Planets in the solar system
1 cubed + 2 cubed
Uzi bullet diameter in mm
Age of the youngest world chess champion
Countries bordering Germany
Slipknot members
Leo number of the current Pope
Purple pool ball number
XX - XI
The only digit needed, to dial the UK police
Deadly sins
3!
A Beatles "Revolution" number
Root DNS servers
No. of Beethoven's "Du du du DUUUUN" symphony
A perfect number
8,000 metre mountains
Buster Keaton's fingers
US aircraft carriers
Faces on an octagonal pyramid
British bat species
Algeria's world ranking by land area
Different chemicals in petrol
No. of Chancellor's Downing St. residence
Hz of a bass guitar E string
Children of Elon Musk
 
Answer Stats
Answer % Correct
6 upside-down
85%
A cat's lives (so they say)
80%
3 squared
71%
Months of human gestation
57%
XX - XI
43%
1 cubed + 2 cubed
32%
Usable spots in noughts & crosses
32%
Period of prayer in Christianity Days in a novena
30%
The saying "A stitch in time saves nine" Stitches saved by one that's in time
30%
Santa's reindeer
29%
Players from fielding team on a baseball field
21%
The only digit needed, to dial the UK police
19%
Countries bordering Germany
14%
Countries with nukes
14%
Uzi bullet diameter in mm
12%
Film Plan _ from Outer Space
10%
8 sides plus the base Faces on an octagonal pyramid
9%
9 is also the most goals scored by a single team in a game. Highest win margin in a Premier League match
8%
A Beatles "Revolution" number
7%
Official languages of South Africa
7%
The tallest man ever, 8'11" Robert Wadlow's height in feet*
7%
He lost one at a young age Buster Keaton's fingers
5%
Slipknot members
2%
A joint record Tournaments Scottie Scheffler won in 2024
2%
No matching quizzes found
Score Distribution
Percent of People with Each Score
Percentile by Number Answered
Your Score History
You have not taken this quiz